Alle Autobahnen - Statistiken

Allgemein
  • Dieses Quiz wurde 575 mal gespielt
    212 seit der letzten Aktualisierung
  • Das Durchschnittsergebnis liegt bei 69 aus 118
Antwortstatistiken
Autobahn % Korrekt
1
100%
11
100%
13
100%
14
100%
15
100%
2
100%
3
100%
4
100%
5
100%
6
100%
7
100%
8
100%
9
100%
10
99%
12
99%
20
98%
19
97%
21
97%
17
95%
23
95%
24
95%
25
94%
27
94%
28
94%
29
94%
30
94%
31
94%
26
93%
33
93%
36
92%
37
90%
38
90%
39
90%
40
89%
44
89%
45
89%
42
88%
43
88%
49
88%
46
87%
48
86%
52
86%
57
86%
60
86%
61
86%
67
86%
62
85%
64
85%
65
85%
66
85%
70
85%
81
85%
59
84%
63
84%
73
84%
71
83%
72
83%
100
81%
92
81%
94
81%
95
81%
96
81%
93
80%
98
80%
99
80%
103
72%
111
71%
113
66%
115
66%
114
64%
117
63%
143
36%
210
29%
215
25%
226
25%
255
25%
261
25%
555
25%
270
23%
280
21%
281
19%
293
19%
559
19%
995
16%
352
15%
661
15%
565
14%
535
13%
391
12%
656
12%
392
11%
480
11%
553
11%
516
10%
542
10%
544
10%
560
10%
562
10%
831
10%
369
9%
602
9%
485
8%
524
8%
643
8%
648
8%
571
7%
620
7%
650
7%
659
7%
573
6%
623
6%
671
6%
980
6%
672
5%
864
5%
861
4%
952
4%
860
2%
Keine übereinstimmenden Quizze gefunden
Verteilung der Resultate
Anzahl Personen mit jedem Resultat
Perzentil nach korrekt beantworteten Fragen
Ihre Resultats-Entwicklung
Sie haben dieses Quiz seit der letzten Aktualisierung nicht gespielt